Mat Jenin - Bercita-cita tinggi (Record no. 147746)

MARC details
000 -LEADER
fixed length control field 00751nam a2200265 i 4500
001 - CONTROL NUMBER
control field C2-0227709
003 - CONTROL NUMBER IDENTIFIER
control field PPAK
005 - DATE AND TIME OF LATEST TRANSACTION
control field 20180728155051.0
008 - FIXED-LENGTH DATA ELEMENTS--GENERAL INFORMATION
fixed length control field 000726s2000 my a|||| ||||| | may d
020 ## - INTERNATIONAL STANDARD BOOK NUMBER
International Standard Book Number 9832204437
040 ## - CATALOGING SOURCE
Original cataloging agency PPAK
Language of cataloging eng
Transcribing agency PPAK
Description conventions rda
082 04 - DEWEY DECIMAL CLASSIFICATION NUMBER
Classification number 398.22
Edition number 23
090 00 - LOCALLY ASSIGNED LC-TYPE CALL NUMBER (OCLC); LOCAL CALL NUMBER (RLIN)
Classification number (OCLC) (R) ; Classification number, CALL (RLIN) (NR) 398.22
Feature heading WSU
Feature heading K
100 0# - MAIN ENTRY--PERSONAL NAME
Personal name W.S. Uzala,
Relator term author
245 10 - TITLE STATEMENT
Title Mat Jenin - Bercita-cita tinggi
264 #1 - PRODUCTION, PUBLICATION, DISTRIBUTION, MANUFACTURE, AND COPYRIGHT NOTICE
Place of production, publication, distribution, manufacture Kuala Lumpur :
Name of producer, publisher, distributor, manufacturer Pustaka Cita Tinggi ,
Date of production, publication, distribution, manufacture, or copyright notice 2000
300 ## - PHYSICAL DESCRIPTION
Extent 62 pages :
Other physical details illustrations ;
Dimensions 19 cm
336 ## - CONTENT TYPE
Source rdacontent
Content type term text
337 ## - MEDIA TYPE
Source rdamedia
Media type term unmediated
338 ## - CARRIER TYPE
Source rdacarrier
Carrier type term volume
490 1# - SERIES STATEMENT
Series statement Siri dongeng teladan
650 10 - SUBJECT ADDED ENTRY--TOPICAL TERM
Topical term or geographic name entry element Fables, Malay ; Folklore - Malay
830 #0 - SERIES ADDED ENTRY--UNIFORM TITLE
Uniform title Siri dongeng teladan
942 ## - ADDED ENTRY ELEMENTS (KOHA)
-- dc
Koha item type Book
Holdings
Withdrawn Not for loan Current library Shelving location Date acquired Full call number Barcode Date last seen Koha item type Total Checkouts
    Perpustakaan Alor Setar Pinjaman Kanak-kanak 26/07/2000 K 398.22 WSU A00934149 31/05/2018 Book  
    Perpustakaan Alor Setar Pinjaman Kanak-kanak 26/07/2000 K 398.22 WSU A00934150 31/05/2018 Book  
    Perpustakaan Awam Sungai Petani Pinjaman Kanak-kanak 26/07/2000 K 398.22 WSU A00934151 31/05/2018 Book  
    Perpustakaan Baling Pinjaman Kanak-kanak 17/04/2003 K 398.22 WSU A01044907 31/05/2018 Book  
    Perpustakaan Jitra Pinjaman Kanak-kanak 26/07/2000 K 398.22 WSU A00934153 31/05/2018 Book  
    Bergerak 1, Alor Setar Pinjaman Kanak-kanak 26/07/2000 K 398.22 WSU A00934156 31/05/2018 Book  
    Bergerak 1, Alor Setar Pinjaman Kanak-kanak 26/07/2000 K 398.22 WSU A00934157 31/05/2018 Book  
    Bergerak 3, Baling Pinjaman Kanak-kanak 26/07/2000 K 398.22 WSU A00934160 31/05/2018 Book  
    Bergerak 3, Baling Pinjaman Kanak-kanak 26/07/2000 K 398.22 WSU A00934161 31/05/2018 Book  
    Bergerak 3, Baling Pinjaman Kanak-kanak 04/02/2001 K 398.22 WSU A00953267 31/05/2018 Book  
    Bergerak 4, Sungai Petani Pinjaman Kanak-kanak 26/07/2000 K 398.22 WSU A00934162 31/05/2018 Book  
    Bergerak 4, Sungai Petani Pinjaman Kanak-kanak 26/07/2000 K 398.22 WSU A00934163 31/05/2018 Book  
    Bergerak 5, Kulim Pinjaman Kanak-kanak 26/07/2000 K 398.22 WSU A00934165 31/05/2018 Book  
    Bergerak 5, Kulim Pinjaman Kanak-kanak 26/07/2000 K 398.22 WSU A00934168 31/05/2018 Book  
    Bergerak 5, Kulim Pinjaman Kanak-kanak 04/02/2001 K 398.22 WSU A00953268 31/05/2018 Book  
    PD20, Felda Lubuk Merbau, Pendang Pinjaman Kanak-kanak 11/11/2000 K 398.22 WSU A00946628 31/05/2018 Book  
    PD20, Felda Lubuk Merbau, Pendang Pinjaman Kanak-kanak 11/11/2000 K 398.22 WSU A00946629 31/05/2018 Book  
    PD29, Kg. Gajah Putih, Sik Pinjaman Kanak-kanak 04/01/2001 K 398.22 WSU A00952171 31/05/2018 Book  
    PD29, Kg. Gajah Putih, Sik Pinjaman Kanak-kanak 04/01/2001 K 398.22 WSU A00952172 31/05/2018 Book